000 01490nam a2200373 c 4500
003 BLK
005 20250403150323.0
008 180410b bul|||||r ||||||| ||bul||
010 _aKNG00164792000
020 _a978-954-400-866-6
_bиздат.: Фабер
040 _aBLK
041 _aBUL
_cBUL
072 7 _2bullib
_aН82
_xЛитературознание Н
080 _aБългарска литература
_b821.163.2
_x.09
_z821.163.2.09
100 _aШумелов, Владимир Стефанов
_9380593
139 _aШумелов, Владимир Стефанов
_bШ 97
245 1 0 _aЛисица в кокошарника
_bКрит. етюди върху кн. и лит. градове
_cВладимир Стефанов Шумелов.
257 _aBGR
260 В. Търново
_bФабер
_c2013
300 _a240 с.
_c20 см
380 _a82
500 _aСъдържа и за авт. ; За книгата.
650 4 _aБългарска литература - история и критика
_9287605
653 _aбългарска литература
653 _aлитературна критика
653 _aистория на литературата
659 _aН
852 _aЦб 270734
856 4 _qpdf
_u
856 4 _qpdf
_u
942 _cKNG
_n0
944 _aCR
_c05.09.2014
_lКети Илиева
_k30550
944 _aED
_c05.01.2015
_lф /
_kВиолета_Тройчева
999 _c157841
_d157841